FUNDAMENTALS ALGORITHMS ,THE ART OF COMPUTER PROGRAMMING (Record no. 570949)
[ view plain ]
| 000 -LEADER | |
|---|---|
| fixed length control field | 00348nam a22001337a 4500 |
| 020 ## - INTERNATIONAL STANDARD BOOK NUMBER | |
| International Standard Book Number | 81-85015-54-6 |
| 082 ## - DEWEY DECIMAL CLASSIFICATION NUMBER | |
| Classification number | 005 BHA'F |
| 100 ## - MAIN ENTRY--PERSONAL NAME | |
| Personal name | BHATT, P. C. P PROF |
| 9 (RLIN) | 61519 |
| 245 ## - TITLE STATEMENT | |
| Title | FUNDAMENTALS ALGORITHMS ,THE ART OF COMPUTER PROGRAMMING |
| 250 ## - EDITION STATEMENT | |
| Edition statement | 2ND |
| 260 ## - PUBLICATION, DISTRIBUTION, ETC. | |
| Place of publication, distribution, etc. | NEWDELHI |
| Name of publisher, distributor, etc. | NAROSA PUBLISHING |
| Date of publication, distribution, etc. | 1973 |
| 300 ## - PHYSICAL DESCRIPTION | |
| Extent | XXIV, 636P |
| 942 ## - ADDED ENTRY ELEMENTS (KOHA) | |
| Koha item type | Book |
| Withdrawn status | Lost status | Damaged status | Not for loan | Permanent Location | Current Location | Shelving location | Date acquired | Total Checkouts | Full call number | Barcode | Date last seen | Price effective from | Koha item type |
|---|---|---|---|---|---|---|---|---|---|---|---|---|---|
| College of Electrical & Mechanical Engineering (CEME) | College of Electrical & Mechanical Engineering (CEME) | General Stacks | 07/20/2017 | 005 BHA'F | CEME-25457 | 06/28/2021 | 06/28/2021 | Book |
